Państwa Europy, w których logo poczty jest trąbka - Statystyki

Ogólne statystyki
  • Ten quiz został rozwiązany 17 razy
  • Średni wynik to 19 z 27
Statystyki odpowiedzi
Państwo % Poprawnych
Polska
93%
Portugalia
93%
Niemcy
86%
Słowacja
86%
Austria
79%
Czechy
79%
Estonia
79%
Litwa
79%
Rosja
79%
Ukraina
79%
Belgia
71%
Białoruś
71%
Chorwacja
71%
Hiszpania
71%
Mołdawia
71%
Norwegia
71%
Szwecja
71%
Węgry
71%
Albania
64%
Dania
64%
Rumunia
64%
Słowenia
64%
Bułgaria
57%
Islandia
57%
Macedonia
57%
Turcja
57%
Malta
50%
Nie znaleziono quizów pasujących do podanych kryteriów
Rozkład punktacji
Procent ludzi z każdym wynikiem
Percentyl według liczby udzielonych odpowiedzi
Twoja historia wyników
Nie rozwiązałeś tego quizu